000 00783nam a2200217Ii 4500
003 JO-AjNU
008 230605s9999||||xx |||||||||||||| ||und||
017 _a2012/10/3685
020 _a978-9957-19-310-2
040 _aJO-AjNU
_bara
_erda
_cJO-AjNU
041 _aara
050 1 4 _aPJ6073.L644 2012
100 3 _aالمسدي، عبد السلام... وآخرون؛ مراجعة وتقديم صلاح جرار,
_eauthor
_946242
245 0 0 _aاللغة العربية وهوية الأمة
264 3 1 _aعمان: مؤسسة عبد الحميد شومان، 2012
300 _a159ص
336 _atext
_btxt
_2rdacontent
337 _aunmediated
_bn
_2rdamedia
338 _avolume
_bnc
_2rdacarrier
650 4 _aاللغة العربية - مقالات ومحاضرات
_946243
999 _aA20102
_c23670
_d23670